000 00639nam a2200229Ia 4500
005 20250508163843.0
008 008 250505s9999 xx 000 0 eng d
020 _a0-8264-4803-8
037 _aTextual
040 _aFEDL
_beng
_cFEDL
041 _aeng
_2eng
084 _a370, MAT
_qFEDL
100 _aMatheson Catherine Ed.
_9776572
245 0 _aEducational issues in the learning age
260 _aLondon, UK
_bContinuum
_c2000
300 _axi,243p
365 _aGBP
_b15.99
650 _aEducation - sociology
700 _a Matheson David Ed.
_9776573
942 _cTEXL
_h370, MAT
999 _c1385618
_d1385618